Joyful noise : (Record no. 1106)

MARC details
000 -LEADER
fixed length control field 01369pam a2200385 a 4500
005 - DATE AND TIME OF LATEST TRANSACTION
control field 20260322212047.0
008 - FIXED-LENGTH DATA ELEMENTS--GENERAL INFORMATION
fixed length control field data
010 ## - LIBRARY OF CONGRESS CONTROL NUMBER
LC control number 87045280
020 ## - INTERNATIONAL STANDARD BOOK NUMBER
International Standard Book Number 0060218525 :
Terms of availability {dollar}11.95
020 ## - INTERNATIONAL STANDARD BOOK NUMBER
International Standard Book Number 0060218533 (lib. bdg.) :
Terms of availability {dollar}11.89
020 ## - INTERNATIONAL STANDARD BOOK NUMBER
International Standard Book Number 0064460932 (pbk.)
020 ## - INTERNATIONAL STANDARD BOOK NUMBER
International Standard Book Number 9780060218522 :
Terms of availability {dollar}11.95
020 ## - INTERNATIONAL STANDARD BOOK NUMBER
International Standard Book Number 9780060218539 (lib. bdg.) :
Terms of availability {dollar}11.89
020 ## - INTERNATIONAL STANDARD BOOK NUMBER
International Standard Book Number 9780064460934 (pbk.)
040 ## - CATALOGING SOURCE
Original cataloging agency DLC
Transcribing agency DLC
Modifying agency DLC
042 ## - AUTHENTICATION CODE
Authentication code lcac
050 00 - LIBRARY OF CONGRESS CALL NUMBER
Classification number PS3556.L42268
Item number J69 1988
082 00 - DEWEY DECIMAL CLASSIFICATION NUMBER
Classification number 811/.54
Edition information 19
092 ## - LOCALLY ASSIGNED DEWEY CALL NUMBER (OCLC)
Classification number 811 J69 1988
001 - CONTROL NUMBER
control field data
100 1# - MAIN ENTRY--PERSONAL NAME
Personal name Fleischman, Paul.
245 10 - TITLE STATEMENT
Title Joyful noise :
Remainder of title poems for two voices /
Statement of responsibility, etc. Paul Fleischman & Eric Beddows.
250 ## - EDITION STATEMENT
Edition statement 1st ed.
260 ## - PUBLICATION, DISTRIBUTION, ETC.
Place of publication, distribution, etc. New York :
Name of publisher, distributor, etc. Harper & Row,
Date of publication, distribution, etc. c1988.
300 ## - PHYSICAL DESCRIPTION
Extent 44 p. :
Other physical details ill. ;
Dimensions 24 cm.
500 ## - GENERAL NOTE
General note "A Charlotte Zolotow book."
520 ## - SUMMARY, ETC.
Summary, etc. A collection of poems describing the characteristics and activities of a variety of insects.
650 #0 - SUBJECT ADDED ENTRY--TOPICAL TERM
Topical term or geographic name entry element Insects
General subdivision Juvenile poetry.
650 #0 - SUBJECT ADDED ENTRY--TOPICAL TERM
Topical term or geographic name entry element Children's poetry, American.
650 #1 - SUBJECT ADDED ENTRY--TOPICAL TERM
Topical term or geographic name entry element Insects
General subdivision Poetry.
650 #1 - SUBJECT ADDED ENTRY--TOPICAL TERM
Topical term or geographic name entry element American poetry.
700 1# - ADDED ENTRY--PERSONAL NAME
Personal name Beddows, Eric,
Dates associated with a name 1951-
Relator term ill.
856 42 - ELECTRONIC LOCATION AND ACCESS
Materials specified Publisher description
Uniform Resource Identifier <a href="http://www.loc.gov/catdir/description/hc044/87045280.html">http://www.loc.gov/catdir/description/hc044/87045280.html</a>
856 42 - ELECTRONIC LOCATION AND ACCESS
Materials specified Contributor biographical information
Uniform Resource Identifier <a href="http://www.loc.gov/catdir/enhancements/fy0911/87045280-b.html">http://www.loc.gov/catdir/enhancements/fy0911/87045280-b.html</a>
Holdings
Withdrawn status Lost status Damaged status Not for loan Home library Current library Shelving location Date acquired Total checkouts Full call number Barcode Date last seen Price effective from Koha item type
        Pleasant Valley Pleasant Valley General stacks 22/03/2026   811/.54 19 BC0011142 22/03/2026 22/03/2026 Books